[Event "BL 8586 Bayern-Porz"]
[Site "?"]
[Date "1985.??.??"]
[Round "?.8"]
[White "Klundt, K."]
[Black "Laven, R."]
[Result "1-0"]
[WhiteElo "2340"]
[BlackElo "2320"]
[PlyCount "118"]
[EventDate "1985.??.??"]

1. e4 e5 2. Nf3 Nc6 3. Bb5 a6 4. Ba4 Nf6 5. O-O Be7 6. Re1 b5 7. Bb3 O-O 8. d4
d6 9. c3 Bg4 10. d5 Na5 11. Bc2 c6 12. h3 Bd7 13. Nxe5 dxe5 14. d6 Bxd6 15.
Qxd6 Qb8 16. Qd3 Be6 17. Nd2 c5 18. Qg3 Nh5 19. Qf3 Nf4 20. Nf1 f6 21. Ne3 Qb7
22. Qg3 Rad8 23. Nf5 Qc7 24. Qg4 Kh8 25. Qf3 Nc4 26. b3 Na5 27. Be3 b4 28. Rac1
g6 29. Ng3 bxc3 30. Bxf4 exf4 31. Ne2 g5 32. Qxc3 Nc6 33. Qxc5 Qd6 34. Qxd6
Rxd6 35. Red1 Rxd1+ 36. Rxd1 Rc8 37. Rd6 Nb4 38. Bb1 f3 39. gxf3 Bxh3 40. Rxf6
Rd8 41. a3 Rd1+ 42. Kh2 Bf1 43. Nc3 Rc1 44. axb4 Rxc3 45. e5 Rxb3 46. Be4 Rxb4
47. e6 Rb8 48. Rf7 Re8 49. e7 Bb5 50. Bxh7 a5 51. Bg6 Kg8 52. Rf5 Rxe7 53. Rxb5
Ra7 54. Bb1 Kf7 55. Rxg5 a4 56. f4 a3 57. Ba2+ Kf6 58. Kg3 Ra4 59. Kg4 Ke7 1-0

[Event "BL 8586 Erlangen-Heidelberg"]
[Site "?"]
[Date "1985.??.??"]
[Round "?.1"]
[White "Neunhoeffer, H."]
[Black "Huenerkopf, H."]
[Result "1/2-1/2"]
[WhiteElo "2235"]
[BlackElo "2320"]
[PlyCount "99"]
[EventDate "1985.??.??"]

1. d4 Nf6 2. c4 g6 3. Nc3 d5 4. Nf3 Bg7 5. Bg5 dxc4 6. e3 Be6 7. Be2 O-O 8. O-O
c6 9. a4 Qa5 10. h3 Nbd7 11. e4 h6 12. Be3 Rad8 13. Qc1 Kh7 14. Nd2 Nb6 15. f4
Ne8 16. Nf3 f5 17. Ne5 Nd6 18. Bd2 Qa6 19. a5 Nd7 20. d5 cxd5 21. exd5 Bg8 22.
Be3 Nxe5 23. fxe5 Bxe5 24. Bxh6 Bg7 25. Bxg7 Kxg7 26. Qf4 Rf6 27. Qe5 Kf8 28.
b3 b5 29. bxc4 bxc4 30. Bf3 Nf7 31. Qe3 Rfd6 32. Rfe1 R6d7 33. Na4 Qf6 34. Nc5
Rd6 35. Ne6+ Rxe6 36. dxe6 Ng5 37. Qxa7 Nxf3+ 38. gxf3 Qg5+ 39. Kh1 Rd2 40.
Qb8+ Kg7 41. Rg1 Qh5 42. Qe5+ Kh7 43. Qg3 Bxe6 44. Rae1 f4 45. Qxg6+ Qxg6 46.
Rxg6 Kxg6 47. Rxe6+ Kf7 48. Rc6 Ra2 49. Rxc4 Rxa5 50. Rxf4+ 1/2-1/2

[Event "BL 8586 Erlangen-Heidelberg"]
[Site "?"]
[Date "1985.??.??"]
[Round "?.2"]
[White "Heidrich, M."]
[Black "Steinbacher, M."]
[Result "1/2-1/2"]
[WhiteElo "2260"]
[BlackElo "2290"]
[PlyCount "112"]
[EventDate "1985.??.??"]

1. e4 e6 2. d4 d5 3. Nc3 Bb4 4. e5 Qd7 5. Bd2 b6 6. Nf3 a5 7. Nb5 Ba6 8. a4 c6
9. Bxb4 cxb5 10. axb5 Bxb5 11. Bxb5 Qxb5 12. Ba3 Nc6 13. Qe2 Qxe2+ 14. Kxe2 f6
15. Kd3 Nh6 16. h3 Nf7 17. Rhe1 Kd7 18. b3 a4 19. c4 Rhe8 20. exf6 gxf6 21.
cxd5 exd5 22. Rxe8 Kxe8 23. Bc1 b5 24. bxa4 bxa4 25. Ba3 Kd7 26. Nd2 Rg8 27. g3
Ng5 28. Bc5 Nxh3 29. Ke2 Re8+ 30. Kf1 Rb8 31. Ke2 Re8+ 32. Kf1 Rb8 33. Ke2 Rb2
34. f3 h5 35. Rxa4 f5 36. Ra1 f4 37. Rh1 Na5 38. Rxh3 Nc4 39. gxf4 Rxd2+ 40.
Ke1 Rd3 41. Kf2 Rd2+ 42. Kg3 Ne3 43. Rxh5 Rg2+ 44. Kh4 Rg1 45. Rg5 Rh1+ 46. Kg3
Rf1 47. Re5 Nc4 48. Rxd5+ Ke6 49. Rg5 Rd1 50. Kf2 Rd2+ 51. Ke1 Rd3 52. f5+ Kf6
53. f4 Rf3 54. Rh5 Rxf4 55. Ke2 Rxf5 56. Rh6+ Kg7 1/2-1/2

[Event "BL 8586 Erlangen-Heidelberg"]
[Site "?"]
[Date "1985.??.??"]
[Round "?.3"]
[White "Mack, P."]
[Black "Feustel, B."]
[Result "1/2-1/2"]
[WhiteElo "2280"]
[BlackElo "2335"]
[PlyCount "84"]
[EventDate "1985.??.??"]

1. Nf3 g6 2. g3 Bg7 3. d4 b5 4. Bg2 Bb7 5. O-O Nf6 6. a4 b4 7. c4 d5 8. Nbd2 a5
9. Qc2 dxc4 10. Nxc4 Be4 11. Qd1 O-O 12. Ncd2 Bb7 13. Nb3 Nbd7 14. Nfd2 Bxg2
15. Kxg2 c5 16. Nc4 cxd4 17. Qxd4 Nh5 18. Qd5 Nhf6 19. Qb5 Rb8 20. Qg5 h6 21.
Qe3 Ra8 22. Bd2 Ra6 23. Rfd1 Ng4 24. Qe4 h5 25. Qb7 Re6 26. Be1 Ngf6 27. e3 Qe8
28. Nbxa5 Nc5 29. Qxb4 Qa8+ 30. f3 Nfd7 31. Qd2 Rf6 32. Qd5 Qc8 33. b4 Rf5 34.
Qc6 Bxa1 35. bxc5 Qxc6 36. Nxc6 Rxc5 37. Nxe7+ Kg7 38. Na5 Rc2+ 39. Kf1 Ne5 40.
Rxa1 Nxf3 41. Nec6 Nxh2+ 42. Kg1 Nf3+ 1/2-1/2

[Event "BL 8586 Erlangen-Heidelberg"]
[Site "?"]
[Date "1985.??.??"]
[Round "?.6"]
[White "Roeder, F."]
[Black "Nonnenmacher, E."]
[Result "1/2-1/2"]
[WhiteElo "2250"]
[BlackElo "2305"]
[PlyCount "101"]
[EventDate "1985.??.??"]

1. e4 c5 2. c4 Nc6 3. g3 g6 4. Bg2 Bg7 5. Ne2 e6 6. Nbc3 Nge7 7. d3 O-O 8. h4
a6 9. h5 Nd4 10. hxg6 fxg6 11. Bg5 Rb8 12. Rc1 d6 13. Nxd4 cxd4 14. Ne2 Rf7 15.
b4 e5 16. Bh3 Bxh3 17. Rxh3 Qd7 18. Ng1 Rbf8 19. Rh2 Nc6 20. Rb1 Nd8 21. Bxd8
Qxd8 22. Qg4 Qe8 23. b5 Qd8 24. b6 Qe8 25. Rb4 Bf6 26. Nh3 Be7 27. Rb3 Bd8 28.
f4 Rg7 29. Kd1 h5 30. Qe2 Qd7 31. Rb2 h4 32. gxh4 exf4 33. Ng1 f3 34. Nxf3 Qa4+
35. Kc1 Qa5 36. Qd2 Qc3+ 37. Qxc3 dxc3 38. Rbf2 Bxb6 39. Rf1 Rgf7 40. Rh3 Kg7
41. Kd1 Kh6 42. Ke2 Ba5 43. a4 Bb4 44. d4 Ba3 45. Kd3 Bb4 46. Ke3 Ba3 47. Kd3
Bb2 48. Rg3 Rf4 49. Rf2 Re8 50. Re2 Ref8 51. Ng1 1/2-1/2

[Event "BL 8586 Bamberg-Koblenz"]
[Site "?"]
[Date "1985.??.??"]
[Round "?.2"]
[White "Seppeur, R."]
[Black "Wolf, V."]
[Result "1-0"]
[WhiteElo "2295"]
[BlackElo "2315"]
[PlyCount "125"]
[EventDate "1985.??.??"]

1. e4 e5 2. Bc4 Nf6 3. d3 Nc6 4. Nc3 Bc5 5. f4 Bxg1 6. Rxg1 d6 7. f5 Nd4 8. Bg5
c6 9. Qd2 b5 10. Bb3 h6 11. Be3 Ng4 12. Bxd4 exd4 13. Ne2 Qh4+ 14. g3 Qxh2 15.
O-O-O Qf2 16. Rdf1 Qe3 17. Rf4 h5 18. Qxe3 dxe3 19. Rf3 a5 20. a3 Ra7 21. Nd4
Rc7 22. c3 Bd7 23. Nc2 c5 24. Bd5 Bc6 25. Bxc6+ Rxc6 26. Kd1 O-O 27. Ke2 c4 28.
d4 Rd8 29. Rf4 Rb6 30. Nxe3 Nxe3 31. Kxe3 b4 32. axb4 axb4 33. g4 bxc3 34. bxc3
h4 35. g5 h3 36. d5 Rb2 37. Rh4 Rc2 38. Kd4 Rc8 39. Rg3 Rd2+ 40. Ke3 Rc2 41.
Kf4 Rf2+ 42. Rf3 Rxf3+ 43. Kxf3 Ra8 44. Ke3 Ra2 45. Rxh3 Rg2 46. Kd4 Rxg5 47.
Kxc4 Rg4 48. Re3 Kf8 49. Kb5 Ke7 50. Kc6 f6 51. c4 Rg1 52. Ra3 Rc1 53. Ra7+ Kf8
54. Kxd6 Rxc4 55. Re7 Ra4 56. Re6 Kf7 57. Kc7 Rc4+ 58. Rc6 Rxe4 59. d6 g6 60.
d7 Rd4 61. Rd6 Rc4+ 62. Kb6 Rb4+ 63. Kc5 1-0

[Event "BL 8586 Bamberg-Koblenz"]
[Site "?"]
[Date "1985.??.??"]
[Round "?.4"]
[White "Ruehrig, V."]
[Black "Schulz, KJ."]
[Result "1/2-1/2"]
[WhiteElo "2375"]
[BlackElo "2370"]
[PlyCount "93"]
[EventDate "1985.??.??"]

1. d4 Nf6 2. Nf3 e6 3. Bg5 c5 4. c3 Be7 5. Nbd2 cxd4 6. cxd4 O-O 7. e3 b6 8.
Bd3 Ba6 9. Qe2 Bxd3 10. Qxd3 Nc6 11. O-O h6 12. Bh4 Qc8 13. Rac1 Qb7 14. Nc4 d5
15. Nce5 Rfc8 16. Nxc6 Rxc6 17. Ne5 Rxc1 18. Rxc1 Rc8 19. Qd1 Rc7 20. h3 Qc8
21. Rxc7 Qxc7 22. Qa4 g5 23. Bg3 Bd6 24. Qd1 Ne4 25. Bh2 f6 26. Nf3 Bxh2+ 27.
Nxh2 Kg7 28. Nf1 Qc4 29. Qe1 Nd6 30. b3 Qc6 31. Qe2 Ne4 32. Qa6 Qc7 33. Qb5 Nd6
34. Qd3 Qc1 35. Kh2 Qc7 36. Kg1 Ne4 37. f3 Ng3 38. Nxg3 Qxg3 39. Qc3 h5 40. Kf1
Qd6 41. Qc8 Qe7 42. Qc6 h4 43. e4 Qa3 44. exd5 exd5 45. Qxd5 Qc1+ 46. Ke2 Qc2+
47. Ke3 1/2-1/2

[Event "BL 8586 Bamberg-Koblenz"]
[Site "?"]
[Date "1985.??.??"]
[Round "?.7"]
[White "Weidemann, J."]
[Black "Kestler, H."]
[Result "1-0"]
[WhiteElo "2265"]
[BlackElo "2410"]
[PlyCount "123"]
[EventDate "1985.??.??"]

1. e4 c5 2. c3 e6 3. d4 d5 4. e5 Nc6 5. Nf3 Qb6 6. a3 Bd7 7. b4 cxd4 8. cxd4
Nge7 9. Nc3 Nf5 10. Na4 Qc7 11. Bb2 Be7 12. Rc1 a6 13. Bd3 O-O 14. O-O Qd8 15.
Nc5 Bxc5 16. Rxc5 Nh4 17. Ne1 Na7 18. Qh5 Nf5 19. Bxf5 exf5 20. Rxd5 Qe7 21.
Rc5 Bb5 22. Qxf5 Bxf1 23. Kxf1 b6 24. Rc3 Rad8 25. Rh3 h6 26. Qd3 Nc6 27. Re3
Qe6 28. f4 Ne7 29. Qxa6 Nd5 30. Rf3 f5 31. Qd3 Rc8 32. Nc2 Rf7 33. Ne3 Nxe3+
34. Rxe3 Rd7 35. Re2 g6 36. h3 Kh7 37. Kg1 Rc4 38. Rd2 Qd5 39. Qf3 Qxf3 40.
gxf3 Rdc7 41. d5 Rc2 42. d6 Rxd2 43. dxc7 Rc2 44. Bd4 Rxc7 45. Bxb6 Rc3 46. a4
Rxf3 47. a5 Ra3 48. Bc7 Rb3 49. Bd6 Kg8 50. a6 Kf7 51. a7 Ra3 52. Bc5 Ke6 53.
Bb6 Ra6 54. h4 Kd5 55. b5 Ra2 56. Bd4 Kxd4 57. b6 Ra1+ 58. Kf2 Ra2+ 59. Ke1 Ke3
60. Kd1 g5 61. b7 Rxa7 62. b8=Q 1-0

[Event "BL 8586 Heidelberg-Bamberg"]
[Site "?"]
[Date "1985.??.??"]
[Round "?.2"]
[White "Steinbacher, M."]
[Black "Seppeur, R."]
[Result "0-1"]
[WhiteElo "2290"]
[BlackElo "2295"]
[PlyCount "96"]
[EventDate "1985.??.??"]

1. Nf3 c5 2. b3 Nf6 3. Bb2 d5 4. e3 e6 5. Be2 Bd6 6. O-O O-O 7. c4 Nbd7 8. Nc3
b6 9. cxd5 exd5 10. d4 Bb7 11. Rc1 Rc8 12. Rc2 Qe7 13. dxc5 bxc5 14. Rd2 Rfd8
15. Re1 Nb6 16. Qb1 Ne4 17. Rdd1 f5 18. a4 a5 19. g3 Qf7 20. Nb5 Bb8 21. Ne5
Qe6 22. f4 Nd7 23. Nxd7 Rxd7 24. Bd3 Rcd8 25. Nc3 Ba7 26. Bb5 Re7 27. Qd3 Kh8
28. Bc4 Red7 29. Bb5 Rd6 30. Nxe4 fxe4 31. Qc3 d4 32. Qxa5 Bb6 33. Qd2 Qxb3 34.
Rb1 Qf7 35. a5 Ba7 36. Qc1 Bd5 37. Ba3 Rh6 38. Bxc5 Qh5 39. Rb2 Rc8 40. Bxa7
Rxc1 41. Rxc1 dxe3 42. Bxe3 Qf3 43. Rc8+ Bg8 44. Rxg8+ Kxg8 45. Bc4+ Kf8 46.
Bc5+ Ke8 47. Rb8+ Kd7 48. Bb5+ Kc7 0-1

[Event "BL 8586 Heidelberg-Bamberg"]
[Site "?"]
[Date "1985.??.??"]
[Round "?.3"]
[White "Rodriguez, M."]
[Black "Mack, P."]
[Result "1/2-1/2"]
[WhiteElo "2465"]
[BlackElo "2280"]
[PlyCount "74"]
[EventDate "1985.??.??"]

1. e4 e6 2. d4 d5 3. Nd2 Nf6 4. e5 Nfd7 5. c3 c5 6. Bd3 Nc6 7. Ne2 cxd4 8. cxd4
f6 9. exf6 Nxf6 10. O-O Bd6 11. Nf3 Qc7 12. Bg5 O-O 13. Bh4 Nh5 14. Bg3 Nxg3
15. fxg3 g6 16. Qd2 Qg7 17. Kh1 Bd7 18. Bb5 a6 19. Bxc6 Bxc6 20. Qe3 Rae8 21.
Ne5 Bxe5 22. dxe5 Rxf1+ 23. Rxf1 Rf8 24. Rxf8+ Qxf8 25. Qf4 Qg7 26. h4 h6 27.
Nd4 g5 28. hxg5 hxg5 29. Qg4 Qxe5 30. Nxe6 Qxb2 31. Qf5 Qh8+ 32. Kg1 Qa1+ 33.
Kh2 Qxa2 34. Kh3 Qa3 35. Kg4 Qe7 36. Qg6+ Kh8 37. Qh6+ Kg8 1/2-1/2

[Event "BL 8586 Heidelberg-Bamberg"]
[Site "?"]
[Date "1985.??.??"]
[Round "?.6"]
[White "Nonnenmacher, E."]
[Black "Kestler, H."]
[Result "1/2-1/2"]
[WhiteElo "2305"]
[BlackElo "2410"]
[PlyCount "26"]
[EventDate "1985.??.??"]

1. e4 c5 2. Nf3 d6 3. d4 cxd4 4. Nxd4 Nf6 5. Nc3 Nc6 6. Be2 e6 7. Be3 Be7 8.
O-O O-O 9. f4 e5 10. Nf5 Bxf5 11. exf5 exf4 12. Bxf4 d5 13. Bf3 d4 1/2-1/2

[Event "BL 8586 Koblenz-Erlangen"]
[Site "?"]
[Date "1985.??.??"]
[Round "?.1"]
[White "Huenerkopf, H."]
[Black "Gutman, L."]
[Result "1-0"]
[WhiteElo "2320"]
[BlackElo "2485"]
[PlyCount "113"]
[EventDate "1985.??.??"]

1. e4 c5 2. Nf3 d6 3. d4 cxd4 4. Nxd4 Nf6 5. Nc3 e6 6. Be2 Be7 7. O-O O-O 8. f4
a6 9. Be3 Qc7 10. Kh1 Re8 11. Qe1 Nbd7 12. Qg3 Nc5 13. Bf3 Ncd7 14. Rae1 Bf8
15. Bd2 Qc4 16. Qf2 Rd8 17. g4 Ne8 18. g5 Qc7 19. Bg4 Nb6 20. Be2 d5 21. e5 g6
22. Qh4 Bc5 23. Nb3 Be7 24. Nd4 Ng7 25. Qg4 Nf5 26. Nb3 Bd7 27. Bd3 Bc6 28. Na5
Nc4 29. Nxc6 Qxc6 30. Bc1 b5 31. Bxf5 exf5 32. Qg2 Rac8 33. Rd1 Nb6 34. Be3 Bc5
35. Bxc5 Qxc5 36. Rf3 b4 37. Ne2 Qxc2 38. Rfd3 Qxb2 39. Qf2 Nc4 40. Rh3 Qc2 41.
Re1 Kf8 42. Rxh7 Qe4+ 43. Kg1 Qe3 44. Qxe3 Nxe3 45. e6 fxe6 46. Nd4 Kg8 47. Re7
Nc4 48. R1xe6 Rd6 49. Rxd6 Nxd6 50. Re6 Ne4 51. Rxg6+ Kf7 52. Rxa6 Nc5 53. Rf6+
Kg8 54. Nxf5 Re8 55. g6 Re6 56. Rxe6 Nxe6 57. Ne7+ 1-0

[Event "BL 8586 Koblenz-Erlangen"]
[Site "?"]
[Date "1985.??.??"]
[Round "?.3"]
[White "Roeder, G."]
[Black "Schulz, KJ."]
[Result "0-1"]
[WhiteElo "2315"]
[BlackElo "2370"]
[PlyCount "126"]
[EventDate "1985.??.??"]

1. e4 c5 2. c4 Nc6 3. Nc3 g6 4. g3 Bg7 5. Bg2 e6 6. Nge2 Nge7 7. d3 a6 8. h4 h5
9. O-O Rb8 10. a4 b6 11. Rb1 O-O 12. Be3 Nd4 13. b4 d6 14. Bg5 Re8 15. Nxd4
cxd4 16. Ne2 Bb7 17. Qc2 Qd7 18. Rfc1 Rec8 19. Qa2 Nc6 20. Qa3 a5 21. b5 Ne7
22. Kh2 Rf8 23. Rc2 Kh7 24. Re1 Ng8 25. Bh3 Qc7 26. Qa1 e5 27. Ng1 Bc8 28. Bxc8
Qxc8 29. Qd1 Bh6 30. Nh3 f6 31. Bc1 Bxc1 32. Qxc1 Nh6 33. Kg2 Ng4 34. Qa3 Qe6
35. Ng1 Rb7 36. Nf3 Kg8 37. Rce2 Rg7 38. Qc1 Qe7 39. Kh1 Rgf7 40. Qd2 Kg7 41.
Qc1 Qb7 42. Rf1 f5 43. Ng5 Rf6 44. Kg1 f4 45. gxf4 Qd7 46. f3 Ne3 47. Rff2 Rxf4
48. Rh2 Rxf3 49. Nxf3 Rxf3 50. Ref2 Qg4+ 51. Kh1 Rxf2 52. Rxf2 Qxh4+ 53. Rh2
Qg3 54. c5 dxc5 55. Ra2 h4 56. Rb2 h3 57. Qd2 Qf3+ 58. Kh2 Nf1+ 59. Kg1 Nxd2
60. Rxd2 Qe3+ 61. Rf2 Qxd3 62. Kh1 Qxe4+ 63. Kg1 c4 0-1

[Event "BL 8586 Koblenz-Erlangen"]
[Site "?"]
[Date "1985.??.??"]
[Round "?.4"]
[White "Schlick, V."]
[Black "Autenrieth, M."]
[Result "0-1"]
[WhiteElo "2260"]
[BlackElo "2315"]
[PlyCount "84"]
[EventDate "1985.??.??"]

1. e4 e5 2. Nf3 Nf6 3. d4 Nxe4 4. Bd3 d5 5. dxe5 Nc5 6. O-O Be7 7. Nd4 Nxd3 8.
Qxd3 c5 9. Nf5 Bxf5 10. Qxf5 Qd7 11. Qf3 Nc6 12. Bf4 g5 13. Bd2 Nxe5 14. Qg3
Nc6 15. Nc3 O-O-O 16. f4 g4 17. f5 h5 18. Qf2 h4 19. f6 Bd6 20. Qf5 Nd4 21.
Qxd7+ Rxd7 22. Kh1 h3 23. Bf4 hxg2+ 24. Kxg2 Nxc2 25. Rac1 Bxf4 26. Rxf4 Ne3+
27. Kg1 b6 28. Ne2 Rc7 29. Nc3 Kb7 30. Nd1 Nc4 31. Rf5 Kc6 32. b3 Nd6 33. Rf4
Rg8 34. Ne3 g3 35. h4 Rcc8 36. Kg2 Rce8 37. Kf3 d4 38. Ng4 Ne4 39. Rd1 Nc3 40.
Rd2 Nd5 41. Rf5 Ne3 42. Ne5+ Kd5 0-1

[Event "BL 8586 Koblenz-Erlangen"]
[Site "?"]
[Date "1985.??.??"]
[Round "?.5"]
[White "Roeder, F."]
[Black "Weidemann, J."]
[Result "1/2-1/2"]
[WhiteElo "2250"]
[BlackElo "2265"]
[PlyCount "34"]
[EventDate "1985.??.??"]

1. e4 c5 2. c4 g6 3. g3 Bg7 4. Bg2 Nc6 5. Ne2 d6 6. Nbc3 e6 7. d3 Nge7 8. h4
Nd4 9. h5 Nec6 10. Nxd4 Nxd4 11. Ne2 Bd7 12. Nxd4 Bxd4 13. Qe2 Qf6 14. Rb1
O-O-O 15. Qf3 Qxf3 16. Bxf3 Bc6 17. Ke2 d5 1/2-1/2

[Event "BL 8586 HSK-Kreuzberg"]
[Site "?"]
[Date "1985.??.??"]
[Round "?.2"]
[White "Chandler, M."]
[Black "King, D."]
[Result "1-0"]
[WhiteElo "2525"]
[BlackElo "2435"]
[PlyCount "95"]
[EventDate "1985.??.??"]

1. e4 c5 2. Nf3 d6 3. d4 cxd4 4. Nxd4 Nf6 5. Nc3 a6 6. Be3 e6 7. Qd2 b5 8. f3
Nbd7 9. O-O-O Bb7 10. g4 h6 11. Bd3 Ne5 12. h4 b4 13. Nce2 d5 14. exd5 Nxd5 15.
Kb1 g6 16. h5 g5 17. Rhg1 Bg7 18. f4 Nxd3 19. Qxd3 O-O 20. Bc1 Rc8 21. fxg5
hxg5 22. Rgf1 Kh8 23. Rf2 Qb6 24. Rdf1 Nf4 25. Bxf4 gxf4 26. Rxf4 e5 27. h6
Qxh6 28. Nf5 Qg5 29. Rxb4 Bg2 30. Rg1 Rfd8 31. Qg3 Bd5 32. Nc3 Bf8 33. Rb6 Bc6
34. Qxe5+ f6 35. Qh2+ Kg8 36. Rf1 Rd2 37. Qh5 a5 38. Qxg5+ fxg5 39. a3 Rg2 40.
Ra6 a4 41. Re1 Rxg4 42. Re6 Bb7 43. Ra7 Rg1+ 44. Ka2 Rxc3 45. Rxb7 Rxc2 46. Re4
g4 47. Re8 Rh1 48. Rg7+ 1-0

[Event "BL 8586 HSK-Kreuzberg"]
[Site "?"]
[Date "1985.??.??"]
[Round "?.3"]
[White "Lehmann, K."]
[Black "Reefschlaeger, H."]
[Result "1/2-1/2"]
[WhiteElo "2225"]
[BlackElo "2395"]
[PlyCount "69"]
[EventDate "1985.??.??"]

1. e4 e6 2. d4 d5 3. Nd2 Nf6 4. e5 Nfd7 5. Bd3 c5 6. c3 Nc6 7. Ne2 cxd4 8. cxd4
f6 9. exf6 Nxf6 10. Nf3 Bd6 11. O-O Qc7 12. Bg5 O-O 13. Bh4 e5 14. dxe5 Nxe5
15. Nxe5 Bxe5 16. Bg3 Bxg3 17. Nxg3 Kh8 18. Qb3 Be6 19. Rae1 Bg8 20. Qb4 b6 21.
Rc1 Qf7 22. Qd4 Rad8 23. a3 h6 24. f3 Bh7 25. Bxh7 Nxh7 26. Rc6 Kg8 27. Rfc1
Rd7 28. Rc8 Rxc8 29. Rxc8+ Nf8 30. Ne2 Qe6 31. Rc2 Qf5 32. Rd2 Ne6 33. Qd3 Qe5
34. g3 Nc5 35. Qd4 1/2-1/2

[Event "BL 8586 HSK-Kreuzberg"]
[Site "?"]
[Date "1985.??.??"]
[Round "?.4"]
[White "Wahls, M."]
[Black "Grzesik, F."]
[Result "1/2-1/2"]
[WhiteElo "2285"]
[BlackElo "2285"]
[PlyCount "50"]
[EventDate "1985.??.??"]

1. e4 Nf6 2. e5 Nd5 3. d4 d6 4. Nf3 Nb6 5. Be2 g6 6. exd6 cxd6 7. c4 Bg7 8. h3
O-O 9. O-O Nc6 10. Nc3 Bf5 11. Bg5 h6 12. Bh4 g5 13. Bg3 Bg6 14. Rc1 e5 15. d5
Ne7 16. c5 dxc5 17. Nxe5 Bxe5 18. Bxe5 Nexd5 19. Nxd5 Qxd5 20. Qxd5 Nxd5 21.
Bf3 Rfe8 22. Bg3 Be4 23. Bxe4 Rxe4 24. Rxc5 Rd4 25. Rfc1 Rd2 1/2-1/2

[Event "BL 8586 HSK-Kreuzberg"]
[Site "?"]
[Date "1985.??.??"]
[Round "?.5"]
[White "Konieczka, F."]
[Black "Gruenberg, Ra"]
[Result "0-1"]
[WhiteElo "2240"]
[BlackElo "2270"]
[PlyCount "68"]
[EventDate "1985.??.??"]

1. e4 c5 2. Nf3 Nc6 3. d3 g6 4. g3 Bg7 5. Bg2 e5 6. O-O Nge7 7. Be3 d6 8. c3
O-O 9. Nh4 Be6 10. f4 Qd7 11. Na3 exf4 12. gxf4 f5 13. Nf3 h6 14. Qd2 Rab8 15.
Rfe1 b5 16. Nc2 b4 17. e5 bxc3 18. bxc3 Nd5 19. d4 dxe5 20. dxe5 Nxe3 21. Qxe3
Rb2 22. Red1 Qc8 23. Qc1 Rxa2 24. Rxa2 Bxa2 25. Qa3 Bf7 26. Rd6 Re8 27. Qa4 Re6
28. Rxe6 Qxe6 29. Nd2 Nxe5 30. fxe5 Qxe5 31. Nc4 Qxc3 32. Nd6 Qd2 33. Nxf7 Qd1+
34. Kf2 Bd4+ 0-1

[Event "BL 8586 HSK-Kreuzberg"]
[Site "?"]
[Date "1985.??.??"]
[Round "?.6"]
[White "Behrhorst, F."]
[Black "Grzesik, T."]
[Result "1/2-1/2"]
[WhiteElo "2320"]
[BlackElo "2335"]
[PlyCount "103"]
[EventDate "1985.??.??"]

1. d4 d5 2. c4 c6 3. Nf3 Nf6 4. cxd5 cxd5 5. Nc3 Nc6 6. Bf4 e6 7. e3 Bd6 8.
Bxd6 Qxd6 9. Bd3 O-O 10. O-O Bd7 11. Rc1 Rac8 12. Qe2 a6 13. Rfd1 e5 14. dxe5
Nxe5 15. Nxe5 Qxe5 16. h3 Bc6 17. Bb1 Rfe8 18. Rd4 Qxd4 19. exd4 Rxe2 20. Nxe2
Kf8 21. Nf4 Re8 22. Bd3 g6 23. g3 Rc8 24. Bf1 Ke7 25. Nd3 Kd6 26. Ne5 Rc7 27.
f3 Ne8 28. Re1 Re7 29. Rc1 Nc7 30. Kf2 Ne6 31. Nxc6 bxc6 32. Rd1 a5 33. h4 Rb7
34. Rd2 Rb4 35. Ke3 f5 36. Bh3 Rc4 37. Bf1 Rc1 38. Bd3 Rg1 39. Kf2 Ra1 40. Ke3
Rxa2 41. h5 Ra4 42. hxg6 hxg6 43. Bb1 Rb4 44. f4 Rb3+ 45. Ke2 c5 46. Ba2 Rb5
47. dxc5+ Rxc5 48. Ke3 Rb5 49. Bc4 Rc5 50. Ba2 Rb5 51. Bc4 Rc5 52. Ba2 1/2-1/2

[Event "BL 8586 HSK-Kreuzberg"]
[Site "?"]
[Date "1985.??.??"]
[Round "?.8"]
[White "Schulte, O."]
[Black "Bachmann, A."]
[Result "1-0"]
[WhiteElo "2345"]
[BlackElo "2235"]
[PlyCount "67"]
[EventDate "1985.??.??"]

1. d4 Nf6 2. c4 g6 3. Nc3 d5 4. Nf3 Bg7 5. cxd5 Nxd5 6. e4 Nxc3 7. bxc3 c5 8.
Rb1 O-O 9. Be2 Qa5 10. O-O Qxa2 11. Bg5 Qe6 12. e5 Rd8 13. Qc1 Nc6 14. Rd1 b6
15. Qf4 cxd4 16. cxd4 Na5 17. d5 Rxd5 18. Rxd5 Qxd5 19. Rd1 Qc6 20. Rd8+ Bf8
21. Nd4 Qc7 22. Ne6 Bxe6 23. Rxa8 Bd5 24. Re8 Bc6 25. Qc1 Qd7 26. Rb8 Qc7 27.
Ra8 Qd7 28. Bb5 Qb7 29. Rd8 Qc7 30. Qd2 h6 31. Bxh6 Bxb5 32. Rxf8+ Kh7 33.
Rxf7+ Kg8 34. Qf4 1-0

[Event "BL 8586 Lasker-Zehlendorf"]
[Site "?"]
[Date "1985.??.??"]
[Round "?.1"]
[White "Pritchett, C."]
[Black "Wockenfuss, K."]
[Result "1/2-1/2"]
[WhiteElo "2395"]
[BlackElo "2370"]
[PlyCount "30"]
[EventDate "1985.??.??"]

1. e4 Nc6 2. Nf3 d6 3. d4 Nf6 4. d5 Nb8 5. Nc3 g6 6. Be3 Bg7 7. Qd2 c6 8. O-O-O
Bg4 9. Be2 Nbd7 10. Kb1 Bxf3 11. Bxf3 Qa5 12. Be2 Rc8 13. Bh6 Bxh6 14. Qxh6
cxd5 15. Nxd5 Qc5 1/2-1/2

[Event "BL 8586 Lasker-Zehlendorf"]
[Site "?"]
[Date "1985.??.??"]
[Round "?.2"]
[White "Muse, M."]
[Black "Davies, N."]
[Result "0-1"]
[WhiteElo "2430"]
[BlackElo "2350"]
[PlyCount "140"]
[EventDate "1985.??.??"]

1. d4 g6 2. c4 Bg7 3. Nc3 d6 4. e4 Nf6 5. Be2 O-O 6. Nf3 e5 7. O-O Nc6 8. Be3
Re8 9. d5 Nd4 10. Nxd4 exd4 11. Bxd4 Nxe4 12. Nxe4 Rxe4 13. Bxg7 Kxg7 14. Bd3
Re8 15. Re1 Rxe1+ 16. Qxe1 Bd7 17. c5 dxc5 18. Qc3+ Qf6 19. Qxc5 Qxb2 20. Rb1
Qd2 21. Bf1 b6 22. Qxc7 Qxd5 23. Re1 Qc6 24. Qe5+ Kg8 25. Qf4 Be6 26. Rc1 Qd5
27. a4 Rd8 28. Ra1 Qd4 29. Qc1 Rc8 30. Qe1 Rc5 31. Bb5 Qc3 32. Qd1 Rd5 33. Qf1
Rd2 34. Rc1 Qd4 35. h3 Bb3 36. Qe1 Rd1 37. Rxd1 Qxd1 38. Qxd1 Bxd1 39. Kf1 Kf8
40. Ke1 Bb3 41. Kd2 Ke7 42. Ke3 Kd6 43. Kd4 Bd5 44. g3 f6 45. Bd3 Bb3 46. Bb5
g5 47. h4 gxh4 48. gxh4 h6 49. Ke4 Be6 50. Be2 Bd7 51. Bd1 Kc5 52. Bc2 a6 53.
Bd1 Be6 54. Ke3 b5 55. axb5 axb5 56. Be2 b4 57. Bd3 b3 58. Ke4 Kb4 59. Kd4 h5
60. f3 Bh3 61. Bg6 f5 62. Bf7 Bg2 63. Ke3 b2 64. Ba2 Kc3 65. Bb1 Bh3 66. Kf4
Kd2 67. Kg5 Bg2 68. Kf4 Bf1 69. Kg5 Bd3 70. Ba2 b1=Q 0-1

[Event "BL 8586 Lasker-Zehlendorf"]
[Site "?"]
[Date "1985.??.??"]
[Round "?.3"]
[White "Riedel, W."]
[Black "Schussler, H."]
[Result "0-1"]
[WhiteElo "2310"]
[BlackElo "2465"]
[PlyCount "68"]
[EventDate "1985.??.??"]

1. d4 Nf6 2. c4 e6 3. Nf3 b6 4. a3 Ba6 5. Qc2 Bb7 6. Bg5 c5 7. d5 exd5 8. cxd5
Bxd5 9. Nc3 Be6 10. e4 Nc6 11. O-O-O Be7 12. e5 Ng4 13. Bf4 g5 14. Bg3 Nh6 15.
Bb5 Rc8 16. Bxc6 Rxc6 17. h3 Nf5 18. Kb1 b5 19. Nxb5 Qa5 20. Nd6+ Bxd6 21. exd6
Nd4 22. Nxd4 cxd4 23. Qe4 O-O 24. Qxd4 Rb8 25. Qf6 Rc3 26. Rd2 Rxa3 27. Be5
Ra1+ 28. Kc2 Qa4+ 29. Kd3 Qc4+ 30. Ke3 Rb3+ 31. Bc3 Qf4+ 32. Qxf4 gxf4+ 33.
Kxf4 Rxh1 34. Rd3 f6 0-1

[Event "BL 8586 Lasker-Zehlendorf"]
[Site "?"]
[Date "1985.??.??"]
[Round "?.4"]
[White "Cladouras, P."]
[Black "Lehmann, H."]
[Result "1/2-1/2"]
[WhiteElo "2320"]
[BlackElo "2285"]
[PlyCount "81"]
[EventDate "1985.??.??"]

1. e4 c5 2. Nf3 g6 3. d4 cxd4 4. Nxd4 Bg7 5. c4 Nc6 6. Be3 Nf6 7. Nc3 O-O 8.
Be2 b6 9. O-O Bb7 10. f3 d6 11. Qd2 Qd7 12. Nxc6 Bxc6 13. a4 Rfb8 14. b4 Qd8
15. a5 bxa5 16. b5 Bb7 17. e5 Nd7 18. exd6 exd6 19. Rad1 Nb6 20. Ne4 Bxe4 21.
fxe4 Be5 22. Bd4 Qc7 23. Qxa5 Rc8 24. Qc3 Na4 25. Qa1 Nc5 26. Bxe5 dxe5 27. Rd5
Nxe4 28. Qxe5 Qb6+ 29. c5 Nxc5 30. Kh1 Re8 31. Qb2 Na4 32. Qd2 Qe6 33. Bf3 Nb6
34. Rd4 Rac8 35. h3 Rc4 36. Bc6 Rxd4 37. Qxd4 Qe5 38. Qb4 Re7 39. Rd1 Kg7 40.
Kg1 h5 41. Kh1 1/2-1/2

[Event "BL 8586 Lasker-Zehlendorf"]
[Site "?"]
[Date "1985.??.??"]
[Round "?.5"]
[White "Dankert, P."]
[Black "Brunner, L."]
[Result "1/2-1/2"]
[WhiteElo "2305"]
[BlackElo "2290"]
[PlyCount "33"]
[EventDate "1985.??.??"]

1. d4 Nf6 2. Nf3 e6 3. c4 b6 4. a3 Bb7 5. Nc3 d5 6. Bg5 Be7 7. e3 O-O 8. cxd5
Nxd5 9. Bxe7 Qxe7 10. Nxd5 Bxd5 11. Rc1 Rc8 12. Be2 c5 13. O-O Nd7 14. Qa4 cxd4
15. Qxd4 Nf6 16. h3 h6 17. Rfd1 1/2-1/2